[Event "Steyr Landesliga 1920"]
[Site "Austria"]
[Date "2019.12.07"]
[Round "6.3"]
[White "Birk, Steffen"]
[Black "Perhinig, Robert"]
[Result "1-0"]
[WhiteElo "2192"]
[BlackElo "2289"]
[PlyCount "103"]
[EventDate "2019.09.28"]
[EventType "team-tourn"]
[EventRounds "11"]
[EventCountry "AUT"]
[SourceTitle "CBM 194 Extra"]
[Source "ChessBase"]
[SourceDate "2020.03.31"]
[SourceVersion "1"]
[SourceVersionDate "2020.03.31"]
[SourceQuality "1"]
[WhiteTeam "Graz Schachfreunde"]
[BlackTeam "Graz Schachgesellschaft"]
[WhiteTeamCountry "AUT"]
[BlackTeamCountry "AUT"]

1. e4 e6 2. d4 d5 3. Nc3 Bb4 4. e5 c5 5. a3 Ba5 6. b4 cxd4 7. bxa5 dxc3 8. Qg4 Kf8 9. a4 Nc6 10. Nf3 Nge7 11. Bd3 Kg8 12. 0-0 Qxa5 13. Bg5 Qc7 14. Rfe1 Ng6 15. h4 h6 16. Bc1 a5 17. Bxg6 fxg6 18. Qxg6 Qf7 19. Qd3 Bd7 20. Qxc3 Kh7 21. Ba3 Rhc8 22. Qd2 Nd8 23. Bd6 Rc4 24. c3 Rac8 25. Re3 Qh5 26. Qc2+ Qg6 27. Qb3 Qg4 28. Be7 Bxa4 29. Qb1+ Qg6 30. Bxd8 Rxd8 31. Qxb7 Rg4 32. g3 Bc2 33. Nd4 Be4 34. Kf1 Rf8 35. Ke2 Qh5 36. Ke1 Rf7 37. Qb6 Qxe5 38. Qxe6 Qh5 39. Rxa5 Rf6 40. Qe7 Rb6 41. Rxe4 Rb1+ 42. Kd2 Rxg3 43. fxg3 Qd1+ 44. Ke3 Qg1+ 45. Kf4 Rf1+ 46. Nf3 Rxf3+ 47. Kxf3 Qf1+ 48. Kg4 h5+ 49. Kg5 Qf3 50. Qxg7+ Kxg7 51. Ra7+ Kf8 52. Rf4+ 1-0

[Event "Steyr Landesliga 1617"]
[Site "Austria"]
[Date "2017.01.21"]
[Round "6.3"]
[White "Manhardt, Thomas"]
[Black "Birk, Steffen"]
[Result "1/2-1/2"]
[WhiteElo "2217"]
[BlackElo "2219"]
[PlyCount "40"]
[EventDate "2016.10.01"]
[EventType "team-tourn"]
[EventRounds "11"]
[EventCountry "AUT"]
[SourceTitle "EXT 2018"]
[Source "ChessBase"]
[SourceDate "2017.10.13"]
[SourceVersion "1"]
[SourceVersionDate "2017.10.13"]
[SourceQuality "1"]
[WhiteTeam "Styria"]
[BlackTeam "Schachfreunde"]
[WhiteTeamCountry "AUT"]
[BlackTeamCountry "AUT"]

1. e4 Nf6 2. e5 Nd5 3. d4 d6 4. c4 Nb6 5. exd6 exd6 6. Nc3 Be7 7. Be3 0-0 8. Be2 Bf5 9. Nf3 Na6 10. 0-0 c6 11. Rc1 Bf6 12. b3 Nc7 13. h3 Re8 14. Qd2 d5 15. c5 Nd7 16. b4 Nf8 17. a4 Ng6 18. Rfd1 Nh4 19. Ne1 Bd7 20. Bd3 Bf5 1/2-1/2

[Event "Steyr Landesliga 1516"]
[Site "Austria"]
[Date "2016.04.02"]
[Round "9.5"]
[White "Almer, Gerald"]
[Black "Birk, Steffen"]
[Result "0-1"]
[WhiteElo "2138"]
[BlackElo "2198"]
[PlyCount "110"]
[EventDate "2015.09.26"]
[EventType "team-tourn"]
[EventRounds "11"]
[EventCountry "AUT"]
[SourceTitle "EXT 2017"]
[Source "ChessBase"]
[SourceDate "2016.10.25"]
[SourceVersion "1"]
[SourceVersionDate "2016.10.25"]
[SourceQuality "1"]
[WhiteTeam "Feldbach Kirchberg"]
[BlackTeam "Graz Schachfreunde"]
[WhiteTeamCountry "AUT"]
[BlackTeamCountry "AUT"]

1. d4 d5 2. Nf3 c6 3. c4 e6 4. Nc3 dxc4 5. a4 Bb4 6. e3 b5 7. Bd2 a5 8. Ne5 Bb7 9. Qg4 g6 10. Ne4 Bxd2+ 11. Kxd2 Nf6 12. Nxf6+ Qxf6 13. Qg3 Qe7 14. Be2 Qb4+ 15. Kc1 Nd7 16. Nxf7 Kxf7 17. Qc7 Bc8 18. Qxc6 Ra6 19. Qc7 Qd6 20. Qxd6 Rxd6 21. axb5 Nb6 22. Rxa5 Bd7 23. Bf3 Rb8 24. h4 h6 25. Rh3 Nc8 26. Rg3 Rxb5 27. Rxb5 Bxb5 28. Be4 Ne7 29. Kc2 Rb6 30. Rh3 Bc6 31. Bxc6 Nxc6 32. Kc3 Rb3+ 33. Kxc4 Rxb2 34. Rf3+ Ke7 35. Kc5 Rc2+ 36. Kb5 Na7+ 37. Kb6 Nc8+ 38. Ka6 Nd6 39. Rf4 Rb2 40. Rg4 Kf7 41. Rf4+ Kg7 42. e4 Rb4 43. e5 Nf5 44. Re4 Rxd4 45. Re2 Nxh4 46. g3 Nf5 47. Kb6 h5 48. Kc7 Rd5 49. Kc8 Kh6 50. Kc7 Nd4 51. Re3 Kg5 52. f4+ Kg4 53. Ra3 Ne2 54. Ra6 Kxg3 55. Rxe6 Nxf4 0-1

[Event "Steyr Landesliga 1516"]
[Site "Austria"]
[Date "2015.10.24"]
[Round "3.4"]
[White "Birk, Steffen"]
[Black "Ranegger, Martin"]
[Result "1/2-1/2"]
[WhiteElo "2198"]
[BlackElo "2111"]
[PlyCount "63"]
[EventDate "2015.09.26"]
[EventType "team-tourn"]
[EventRounds "11"]
[EventCountry "AUT"]
[SourceTitle "EXT 2017"]
[Source "ChessBase"]
[SourceDate "2016.10.25"]
[SourceVersion "1"]
[SourceVersionDate "2016.10.25"]
[SourceQuality "1"]
[WhiteTeam "Graz Schachfreunde"]
[BlackTeam "Leibnitz Software"]
[WhiteTeamCountry "AUT"]
[BlackTeamCountry "AUT"]

1. e4 c5 2. Nf3 Nc6 3. Bb5 e6 4. 0-0 Nge7 5. Re1 a6 6. Bf1 Ng6 7. c3 Be7 8. d4 d6 9. Be3 0-0 10. Na3 Qc7 11. Rc1 b5 12. Bd3 e5 13. Bb1 Rb8 14. h3 Nd8 15. d5 f5 16. exf5 Bxf5 17. Bxf5 Rxf5 18. c4 Qd7 19. Nd2 Nf4 20. Ne4 Rf8 21. Bxf4 Rxf4 22. g3 Rf8 23. Kg2 Qe8 24. Re3 h5 25. Qe2 b4 26. Nb1 Qg6 27. Nbd2 Nf7 28. Qd3 Kh7 29. Nf3 Kh6 30. Ned2 Qxd3 31. Rxd3 Bg5 32. Nxg5 1/2-1/2

[Event "Steyr Landesliga 1314"]
[Site "Austria"]
[Date "2014.03.29"]
[Round "10.5"]
[White "Birk, Steffen"]
[Black "Knoll, Martin"]
[Result "1-0"]
[WhiteElo "2244"]
[BlackElo "2084"]
[PlyCount "61"]
[EventDate "2013.09.28"]
[EventType "team-tourn"]
[EventRounds "11"]
[EventCountry "AUT"]
[SourceTitle "EXT 2015"]
[Source "ChessBase"]
[SourceDate "2014.11.20"]
[SourceVersion "1"]
[SourceVersionDate "2014.11.20"]
[SourceQuality "1"]
[WhiteTeam "Graz Schachfreunde"]
[BlackTeam "Gleisdorf"]
[WhiteTeamCountry "AUT"]
[BlackTeamCountry "AUT"]

1. e4 c6 2. Ne2 d5 3. e5 Bf5 4. Ng3 Bg6 5. h4 h6 6. h5 Bh7 7. e6 fxe6 8. d4 Qa5+ 9. Nc3 Nd7 10. f4 c5 11. dxc5 Qxc5 12. Bd3 Ngf6 13. Bxh7 Rxh7 14. Qd3 e5 15. Qg6+ Kd8 16. fxe5 Nxe5 17. Qf5 Nc4 18. Nge4 Ne3 19. Nxc5 Nxf5 20. 0-0 Nd6 21. Nxd5 b6 22. Ne6+ Kd7 23. Ndf4 Nfe4 24. Ng6 Kxe6 25. Nxf8+ Rxf8 26. Rxf8 Ng3 27. Bf4 Nxh5 28. Re1+ Kd7 29. Bxd6 Kxd6 30. Rd8+ Kc7 31. Re8 1-0

[Event "Steyr Landesliga 1112"]
[Site "Austria"]
[Date "2011.11.26"]
[Round "6.3"]
[White "Birk, Steffen"]
[Black "Preis, Wolfgang"]
[Result "1-0"]
[WhiteElo "2242"]
[BlackElo "2180"]
[PlyCount "73"]
[EventDate "2011.09.24"]
[EventType "team-tourn"]
[EventRounds "11"]
[EventCountry "AUT"]
[SourceTitle "EXT 2013"]
[Source "ChessBase"]
[SourceDate "2012.11.22"]
[SourceVersion "1"]
[SourceVersionDate "2012.11.22"]
[SourceQuality "1"]
[WhiteTeam "Graz Schachfreunde"]
[BlackTeam "Liezen Admont"]
[WhiteTeamCountry "AUT"]
[BlackTeamCountry "AUT"]

1. e4 e5 2. Nf3 Nf6 3. Nxe5 d6 4. Nf3 Nxe4 5. Bd3 Nf6 6. 0-0 Be7 7. h3 0-0 8. c3 c5 9. Bc2 Nc6 10. d4 cxd4 11. Nxd4 Nxd4 12. Qxd4 Be6 13. Nd2 Qc7 14. Nf3 Qc5 15. Be3 Rfc8 16. Qh4 Qh5 17. Qxh5 Nxh5 18. Rfd1 Nf6 19. Bf4 Nd5 20. Bg3 Nb6 21. Bxd6 Bxd6 22. Rxd6 Nc4 23. Rd4 Nxb2 24. Rb1 Nc4 25. Rxb7 Na5 26. Rb5 Nc6 27. Rd2 Bxa2 28. Be4 Be6 29. Rd6 Nd8 30. Bxa8 Rxa8 31. Nd4 Bc4 32. Rb4 Bd3 33. Nb5 Bxb5 34. Rxb5 h6 35. Rd7 a5 36. Rbd5 Nc6 37. Rc5 1-0

[Event "Oberliga Wuerttemberg 0304"]
[Site "Wuerttemberg"]
[Date "2003.11.16"]
[Round "3.5"]
[White "Braeuning, Rudolf Wilhelm"]
[Black "Birk, Steffen"]
[Result "1-0"]
[WhiteElo "2288"]
[BlackElo "2275"]
[PlyCount "105"]
[EventDate "2003.09.28"]
[EventType "team"]
[EventRounds "9"]
[EventCountry "GER"]
[SourceTitle "EXT 2006"]
[Source "ChessBase"]
[SourceDate "2005.11.24"]
[SourceVersion "1"]
[SourceVersionDate "2005.11.24"]
[SourceQuality "1"]
[WhiteTeam "Bebenhausen"]
[BlackTeam "Schmiden Cannstatt"]
[WhiteTeamCountry "GER"]
[BlackTeamCountry "GER"]

1. d4 d5 2. c4 e6 3. Nf3 c6 4. Qc2 Nf6 5. Bg5 Nbd7 6. cxd5 exd5 7. Nc3 Be7 8. e3 0-0 9. Bd3 Re8 10. 0-0 Nf8 11. Ne5 Nh5 12. Bxe7 Qxe7 13. Rfe1 g6 14. Rab1 Nf6 15. b4 a5 16. a3 axb4 17. axb4 Be6 18. Na4 N6d7 19. Nxd7 Nxd7 20. Nc5 b6 21. Nxd7 Bxd7 22. Qb3 Be6 23. Rec1 Rec8 24. h3 Qa7 25. Qb2 Qa3 26. Rc3 Qxb2 27. Rxb2 Bd7 28. Rbc2 Ra1+ 29. Kh2 Rca8 30. Kg3 Rb1 31. b5 cxb5 32. Rc7 Be6 33. Rb7 Rb3 34. Be2 Ra6 35. Bg4 Bxg4 36. hxg4 b4 37. Rc8+ Kg7 38. Rcc7 b5 39. Rxf7+ Kg8 40. Rg7+ Kh8 41. Rxh7+ Kg8 42. Rhd7 Rf6 43. Rxd5 Rb2 44. f3 Rb3 45. e4 Rd3 46. Rbxb5 b3 47. Rd7 Rf7 48. Rxf7 Kxf7 49. Kf4 Rxd4 50. Rxb3 Ra4 51. Rb7+ Kf6 52. g5+ Ke6 53. Rg7 1-0